County map of the state of Maine

Saved in:
Bibliographic Details
Main Author: Mitchell, S. Augustus 1792-1868.
Corporate Authors: David Rumsey Collection., Cartography Associates.
Format: Electronic
Language:English
Published: [1880].
Series:David Rumsey Collection digital maps
Subjects:
Tags: Add Tag
No Tags, Be the first to tag this record!
LEADER 01458nea a2200325Ka 4500
001 012024905-7
005 20090630193809.0
008 060531t18801879paud a s 0 eng d
034 1 |a a  |b 1650000  |d W0710800  |e W0665300  |f N0472800  |g N0425800 
035 0 |a ocm69661492 
040 |a CUY  |c CUY 
052 |a 3730 
100 1 |a Mitchell, S. Augustus  |q (Samuel Augustus),  |d 1792-1868. 
245 1 0 |a County map of the state of Maine  |h [electronic resource]. 
255 |a Scale [ca. 1:1,650,000]  |c (W 71⁰08ʹ--W 66⁰53ʹ/N 47⁰28ʹ--N 42⁰58ʹ). 
260 |c [1880]. 
500 |a Relief shown by hachures. 
500 |a Shows settlements, railroads, etc. 
500 |a Inset map: Portland Har. and vicinity. 
500 |a Prime meridians: Greenwich and Washington. 
500 |a "Entered according to Act of Congress in the year 1879 by S. Augustus Mitchell in the office of the Librarian of Congress at Washington." 
500 |a Scanned raster image of original: 1 map : hand col. ; 31 x 23 cm. 
500 |a Original in the David Rumsey Collection; scanned by Cartography Associates. 
651 0 |a Maine  |v Maps. 
710 2 |a David Rumsey Collection. 
710 2 |a Cartography Associates. 
773 0 |a Mitchell, S. Augustus (Samuel Augustus), 1792-1868.  |t Mitchell's new general atlas.  |d Philadelphia : S. Augustus Mitchell, 1880, c1879.  |g p. 15.  |w (OCoLC)69371482 
830 0 |a David Rumsey Collection digital maps  |5 net 
988 |a 20090630 
906 |0 OCLC